|
|
|
|
| LEADER |
01907cam a22003377a 4500 |
| 001 |
45112 |
| 003 |
BD-DhAAL |
| 005 |
20251126151726.0 |
| 008 |
251126t2019 bg ||||| a||| 00| 0 eng d |
| 040 |
|
|
|a BD-DhAAL
|c BD-DhAAL
|
| 082 |
|
|
|a 345.0251
|
| 111 |
|
|
|a International Conference on Bangladesh Genocide and Justice
|d (2019 :
|c Dhaka, Bangladesh)
|9 59918
|
| 245 |
|
|
|a 6th international conference on Bangladesh genocide & justice :
|b 14-16 November, 2019 : paper abstract, profile and programme /
|
| 246 |
|
|
|a 6th international conference on Bangladesh genocide and justice
|
| 246 |
|
|
|a Sixth international conference on Bangladesh genocide and justice
|
| 260 |
|
|
|a Dhaka :
|b Liberation War Museum,
|c 2019.
|
| 300 |
|
|
|a 56 pages ;
|c 16 cm
|
| 500 |
|
|
|a 6th international conference on Bangladesh genocide with a special focus on Rohingya persecution
|
| 541 |
|
|
|a Complimentary copy from Professor Afsan Chowdhury,(Department of English and Humanities, BRAC University)
|e 45112
|
| 650 |
|
|
|a Genocide
|x Law and legislation.
|9 59883
|
| 650 |
|
|
|a Crimes against humanity (International law).
|9 50807
|
| 650 |
|
|
|a Genocide
|z Burma
|z Rakhine State.
|9 59923
|
| 650 |
|
|
|a Genocide
|x Law and legislation
|z Burma.
|9 59924
|
| 650 |
|
|
|a Genocide
|x Law and legislation
|z Bangladesh.
|9 59883
|
| 650 |
|
|
|a Rohingya (Burmese people)
|z Bangladesh.
|
| 650 |
|
|
|a State crimes.
|9 59925
|
| 710 |
|
|
|a Liberation War Museum (Dhaka, Bangladesh)
|9 59881
|
| 852 |
|
|
|a Ayesha Abed Library
|c General stacks
|
| 942 |
|
|
|2 ddc
|c BK
|
| 999 |
|
|
|c 47658
|d 47658
|
| 952 |
|
|
|0 0
|1 0
|2 ddc
|4 0
|6 345_025100000000000_SIX
|7 0
|9 78546
|a BRACUL
|b BRACUL
|c BNC
|d 2025-11-26
|e Complimentary copy from Prof. Afsan Chowdhury (Department of English and Humanities, BRAC University)
|l 0
|o 345.0251 SIX
|p 3010045112
|r 2025-11-26
|t 1
|w 2025-11-26
|y BK
|x Complimentary copy from Prof. Afsan Chowdhury (Department of English and Humanities, BRAC University) on 12 November 2025
|